000 00481nam a2200169 i 4500
001 133490
003 ES-MaACL
005 20230906194426.0
007 t|
008 070816q19701979sp ||||1| spa d
100 1 _aWolf, Gotthard.
_9117227
245 1 3 _aEl cine científico en Alemania /
_cpor Gotthard Wolf.
260 _aWuppertal :
_bElberfeld,
_c[197-?]
300 _a82 p. :
_bil. ;
_c21 cm.
650 1 4 _aCine-
_zAlemania.
_911012
852 _aES-MaACL
_jC-17726
_bR.45631
999 _c133490
_d133490